Você Consegue Lembrar De Todas As Músicas Do Jão? - Statistics

Estatísticas Gerais
  • Esse quiz foi jogado 78 vezes
  • A pontuação média é 47 de 66
Estatísticas das Respostas
Hint Hint Hint País % Correto
hn 184.5 210.7 Super
95%
cr 192 228 Maria
92%
ba 421 113 Lobos
89%
gd 241.6 220.6 Locadora
89%
dz 384.2 167.2 Idiota
87%
bi 447.8 272.6 Meninos e Meninas
87%
bw 435 336.1 Acontece
84%
ag 241.4 204 Escorpião
84%
cu 206 190.2 Julho
84%
pw 680.5 241.3 Mal
84%
ao 420 301.2 Não Te Amo
84%
km 479.4 301.4 Olhos Vermelhos
84%
ar 234 373 Religião
84%
be 391 91 Ainda Te Amo
82%
bd 583 181.8 Barcelona
82%
bb 246.5 217 Gameboy
82%
nz 776.7 391.9 Pilantra
82%
al 425.5 124 Vou Morrer Sozinho
82%
bo 236 319 Acidente
79%
by 443.4 81.2 A Rua
79%
cv 326.7 206.9 Coringa
79%
az 487.6 125 Essa Eu Fiz Pro Nosso Amor
79%
gy 248 242 Supernova
79%
af 528 149.2 A Última Noite
76%
cm 407 247 Doce
76%
bt 584.1 169.4 Hotel San Diego
76%
ca 143 66 Lábia
76%
bs 209 180.9 Me Lambe
76%
py 248.9 339.7 Paranoid
76%
si 413 106.5 Ressaca
76%
bn 638.6 246.1 VSF
76%
kh 616 219.1 Nota De Voz 8
74%
gt 177.4 210 Rádio
74%
ht 218 196 São Paulo, 2015
74%
bz 180.9 203.6 Alinhamento Milenar
71%
co 216.3 247.5 Carnaval
71%
dm 242.4 209.5 Eu Posso Ser Como Você
71%
bg 437.8 117.9 Eu Quero Ser Como Você
71%
at 414.2 100.9 Imaturo
71%
fj 782.9 320.1 Louquinho
71%
de 404 89.9 Me Beija Com Raiva
71%
dk 401.5 73.5 Monstros
71%
bj 385.7 225 Santo
71%
sb 742.1 295 Amor Pirata
68%
za 431 365 Clarão
68%
ec 204 265.5 Locadora (Versão Estendida)
68%
td 422.6 209.4 Tempos De Glória
68%
fm 717.7 235.2 Álcool
66%
hr 418 108 Aqui
66%
us 153 129 Se O Problema Era Você, Por Que Doeu Em Mim?
66%
sv 180.4 215 Sinais
66%
cl 218 384 O Triste É Que Eu Te Amo
61%
sa 482.1 179.9 Triste Pra Sempre
61%
bf 377 219 Você Me Perdeu
61%
am 480.5 125 Enquanto Me Beija
58%
bh 494.3 174 Fim De Festa
58%
sk 423 98 Fim Do Mundo
58%
ki 21 272 Fugitivos
55%
br 266 294 Modo De Dizer
55%
mm 597 188.5 Você Vai Me Destruir
55%
au 683 342 Dança Pra Mim
53%
ad 384 118.7 Lindo Demais
53%
pg 703.7 282.4 A Boba Fui Eu
42%
nr 755 264 Sim
42%
ws 802.8 307.7 Andar Sozinho
34%
mh 760.6 232.2 Me Liga
24%
Nenhum quiz correspondente encontrado
Distribuição das Pontuações
Porcentagem de Pessoas com Cada Pontuação
Percentil de Números Respondidos
Sua Pontuação Histórica
Você não jogou esse quiz